Statystyki dla Wszyscy papieże

Kliknij tutaj aby rozwiązać quiz!

Ogólne statystyki

  • Ten quiz został rozwiązany 568 razy
  • Średni wynik to 126 z 266

Statystyki odpowiedzi

PontyfikatPapież% Poprawnych
53.Jan 1
99%
122.Jan 10
99%
125.Jan 11
99%
130.Jan 12
99%
133.Jan 13
99%
136.Jan 14
99%
137.Jan 15
99%
140.Jan 17
99%
141.Jan 18
99%
144.Jan 19
99%
56.Jan 2
99%
187.Jan 21
99%
196.Jan 22
99%
261.Jan 23
99%
61.Jan 3
99%
72.Jan 4
99%
82.Jan 5
99%
85.Jan 6
99%
86.Jan 7
99%
107.Jan 8
99%
116.Jan 9
99%
263.Jan Paweł 1
98%
264.Jan Paweł 2
98%
62.Benedykt 1
96%
197.Benedykt 12
96%
245.Benedykt 13
96%
247.Benedykt 14
96%
258.Benedykt 15
96%
265.Benedykt 16
96%
81.Benedykt 2
96%
104.Benedykt 3
96%
117.Benedykt 4
96%
132.Benedykt 5
96%
134.Benedykt 6
96%
135.Benedykt 7
96%
143.Benedykt 8
96%
145. | 147. | 150. | 194.Benedykt 9
96%
266.Franciszek
95%
1.Piotr
95%
93.Paweł 1
93%
211.Paweł 2
93%
220.Paweł 3
93%
223.Paweł 4
93%
233.Paweł 5
93%
262.Paweł 6
93%
10.Pius 1
83%
257.Pius 10
83%
259.Pius 11
83%
260.Pius 12
83%
210.Pius 2
83%
215.Pius 3
83%
224.Pius 4
83%
225.Pius 5
83%
250.Pius 6
83%
251.Pius 7
83%
253.Pius 8
83%
255.Pius 9
83%
184.Grzegorz 10
71%
201.Grzegorz 11
71%
205.Grzegorz 12
71%
226.Grzegorz 13
71%
229.Grzegorz 14
71%
234.Grzegorz 15
71%
254.Grzegorz 16
71%
89.Grzegorz 2
71%
90.Grzegorz 3
71%
101.Grzegorz 4
71%
138.Grzegorz 5
71%
148.Grzegorz 6
71%
157.Grzegorz 7
71%
173.Grzegorz 8
71%
178.Grzegorz 9
71%
217.Leon 10
64%
232.Leon 11
64%
252.Leon 12
64%
256.Leon 13
64%
80.Leon 2
64%
96.Leon 3
64%
103.Leon 4
64%
118.Leon 5
64%
123.Leon 6
64%
126.Leon 7
64%
131.Leon 8
64%
152.Leon 9
64%
17.Urban 1
57%
159.Urban 2
57%
172.Urban 3
57%
182.Urban 4
57%
200.Urban 5
57%
202. | 228.Urban 6
57%
235.Urban 8
57%
239.Klemens 10
53%
243.Klemens 11
53%
246.Klemens 12
53%
248.Klemens 13
53%
249.Klemens 14
53%
149.Klemens 2
53%
174.Klemens 3
53%
183.Klemens 4
53%
195.Klemens 5
53%
198.Klemens 6
53%
219.Klemens 7
53%
231.Klemens 8
53%
238.Klemens 9
53%
6.Aleksander 1
52%
156.Aleksander 2
52%
170.Aleksander 3
52%
181.Aleksander 4
52%
214.Aleksander 6
52%
237.Aleksander 7
52%
241.Aleksander 8
52%
34.Marek
48%
40.Innocenty 1
44%
236.Innocenty 10
44%
240.Innocenty 11
44%
242.Innocenty 12
44%
244.Innocenty 13
44%
164.Innocenty 2
44%
176.Innocenty 3
44%
180.Innocenty 4
44%
185.Innocenty 5
44%
199.Innocenty 6
44%
204.Innocenty 7
44%
213.Innocenty 8
44%
230.Innocenty 9
44%
42Bonifacy 1
42%
55.Bonifacy 2
42%
66.Bonifacy 3
42%
67.Bonifacy 4
42%
69.Bonifacy 5
42%
112.Bonifacy 6
42%
193.Bonifacy 8
42%
203.Bonifacy 9
42%
74.Marcin 1
39%
189.Marcin 4
39%
206.Marcin 5
39%
155.Mikołaj 2
39%
188.Mikołaj 3
39%
191.Mikołaj 4
39%
208.Mikołaj 5
39%
7.Sykstus 1
39%
24.Sykstus 2
39%
44.Sykstus 3
39%
212.Sykstus 4
39%
227.Sykstus 5
39%
33.Sylwester 1
38%
139.Sylwester 2
38%
146.Sylwester 3
38%
35.Juliusz 1
36%
216.Juliusz 2
36%
221.Juliusz 3
36%
2.Linus
36%
14.Wiktor 1
36%
153.Wiktor 2
36%
158.Wiktor 3
36%
23.Stefan 1
33%
92.Stefan 2
33%
94.Stefan 3
33%
97.Stefan 4
33%
110.Stefan 5
33%
113.Stefan 6
33%
124.Stefan 7
33%
127.Stefan 8
33%
154.Stefan 9
33%
95.Hadrian 1
29%
106.Hadrian 2
29%
109.Hadrian 3
29%
169.Hadrian 4
29%
186.Hadrian 5
29%
218.Hadrian 6
29%
16.Kalikst 1
27%
162.Kalikst 2
27%
209.Kalikst 3
27%
43.Celestyn 1
25%
165.Celestyn 2
25%
175.Celestyn 3
25%
179.Celestyn 4
25%
192.Celestyn 5
25%
75.Eugeniusz 1
23%
99.Eugeniusz 2
23%
167.Eugeniusz 3
23%
207.Eugeniusz 4
23%
88.Konstantyn
23%
114.Roman
23%
26.Feliks 1
22%
48.Feliks 3
22%
54.Feliks 4
22%
22.Lucjusz 1
22%
166.Lucjusz 2
22%
171.Lucjusz 3
22%
30.Marceli 1
22%
222.Marceli 2
22%
70.Honoriusz 1
20%
163.Honoriusz 2
20%
177.Honoriusz 3
20%
190.Honoriusz 4
20%
21.Korneliusz
20%
84.Sergiusz 1
20%
102.Sergiusz 2
20%
119.Sergiusz 3
20%
142.Sergiusz 4
20%
37.Damazy 1
19%
151.Damazy 2
19%
73.Teodor 1
18%
115.Teodor 2
18%
39.Anastazy 1
17%
50.Anastazy 2
17%
120.Anastazy 3
17%
168.Anastazy 4
17%
20.Fabian
17%
31.Euzebiusz
16%
3.Anacletus
15%
4.Clemens
15%
98.Paschalis 1
15%
160.Paschalis 2
15%
25.Dionizy
14%
64.Grzegorz 1 Wielki
14%
45.Leon 1 wielki
14%
71.Seweryn
14%
46.Hilary
13%
105.Mikołaj 1 Wielki
13%
12.Soter
12%
57.Agapit 1
11%
129.Agapit 2
11%
11.Anicet
11%
9.Hygin
11%
29.Marcelin
11%
8.Telesfor
11%
100.Walentyn
11%
59.Wigiliusz
11%
91.Zachariusz
11%
15.Zefiryn
11%
111.Formozus
10%
49.Gelazjusz 1
10%
161.Gelazjusz 2
10%
83.Konon
10%
108.Maryn 1
10%
128.Maryn 2
10%
60.Pelagiusz 1
10%
63.Pelagiusz 2
10%
79.Agaton
9%
28.Kajus
9%
36.Liberiusz
9%
18.Poncjan
9%
58.Sylweriusz
9%
41.Zozym
9%
68.Adeodat 1
8%
77.Adeodat 2
8%
19.Anteros
8%
78.Donus
8%
13.Eleuteriusz
8%
27.Eutychian
8%
52.Hormizdas
8%
121.Lando
8%
65.Sabinian
8%
47.Symplicjusz
8%
38.Syrycjusz
8%
76.Witalian
8%
5.Evaristus
7%
32.Milcjades
7%
51.Symmachus
7%
87.Syzyniusz
7%

Rozkład punktacji

Percentyl według liczby udzielonych odpowiedzi

Procent ludzi z każdym wynikiem

Twoja historia wyników

Nie rozwiązałeś tego quizu